|
|
|
|
| LEADER |
00917naa a2200349 a 4500 |
| 001 |
000085508 |
| 003 |
SVKKK |
| 005 |
20070910132003.0 |
| 008 |
070910c2006 xo e slo |
| FMT |
|
|
|
| 038 |
|
|
|a SVKKK
|
| 040 |
|
|
|a SVKKK
|b slo
|e AACR2
|
| 041 |
0 |
|
|a slo
|
| 044 |
|
|
|a xo
|c SK
|
| 080 |
|
|
|a 551.44
|2 1997
|
| 080 |
|
|
|a 929 Ložek, Vojen
|2 1997
|
| 090 |
|
|
|a IV.199323
|
| 100 |
1 |
|
|a Gaál, Ľudovít
|4 aut
|
| 245 |
1 |
0 |
|a RNDr. Vojen Ložek, DrSc., osemdesiatročný
|c Ľudovít Gaál
|
| 500 |
|
|
|a Dátum narodenia 26.7.1925
|
| 600 |
1 |
4 |
|a Ložek, Vojen,
|d 1925-,
|c geológ,
|c speleológ
|
| 650 |
0 |
4 |
|a speleológia
|
| 773 |
0 |
|
|t Slovenský kras
|d Liptovský Mikuláš : Slovenské múzeum ochrany prírody a jaskyniarstva, 2006
|z 80-88924-51-0
|g S. 183-185
|
| 958 |
|
|
|a BX
|
| 974 |
|
|
|a MI
|
| 992 |
|
|
|a RZB
|
| BAS |
|
|
|
| BAS |
|
|
|
| 852 |
|
|
|a SVKKK
|b BIB
|
| EXP |
|
|
|
| 998 |
|
|
|a GEO
|
| 998 |
|
|
|a GEO
|